| 000 | 02527cam a2200361 i 4500 | ||
|---|---|---|---|
| 001 | ocn946579846 | ||
| 003 | Co-BoUCM | ||
| 005 | 20180817125437.0 | ||
| 008 | 180817s2016 wiua b 001 0 eng c | ||
| 010 | _a 2016012947 | ||
| 020 | _a9780299310806 | ||
| 020 | _a0299310809 | ||
| 029 | 1 |
_aAU@ _b000057272405 |
|
| 029 | 1 |
_aNLGGC _b40861935X |
|
| 035 | _a(OCoLC)946579846 | ||
| 040 |
_aCo-BoUCM _bspa _cSaul Niño _dSaul Niño |
||
| 041 | 1 |
_aeng _hrus |
|
| 100 | 1 |
_aVatlin, Alexander _993355 |
|
| 245 | 1 | 0 |
_aAgents of terror _bordinary men and extraordinary violence in Stalin's secret police _cAlexander Vatlin ; edited, translated, and with an introduction by Seth Bernstein ; foreword by Oleg Khlevniuk |
| 260 |
_aWisconsin _bThe University of Wisconsin Press _c2016 |
||
| 300 |
_axxxlv, 171 páginas _bretratos |
||
| 500 | _a"Originally published as Terror raionnogo masshtaba: 'Massovye operatsii' NKVD v Kuntsevskom raione Moskovskoi oblasti v 1937-38 gg. ©2004 by Alexander Vatlin and Rosspen, Moscow."--Title page verso. | ||
| 520 | _aIn the Great Terror of 1937 38 more than a million Soviet citizens were arrested or killed for political crimes they didn t commit. What kind of people carried out this violent purge, and what motivated them? This book opens up the world of the Soviet perpetrator for the first time. Focusing on Kuntsevo, the Moscow suburb where Stalin had a dacha, Alexander Vatlin shows how Stalinism rewarded local officials for inventing enemies. Agents of Terror reveals stunning, detailed evidence from archives available for a limited time in the 1990s. Going beyond the central figures of the terror, Vatlin takes readers into the offices and interrogation rooms of secret police at the district level. Spurred at times by ambition, and at times by fear for their own lives, agents rushed to fulfill quotas for arresting enemies of the people even when it meant fabricating the evidence. Vatlin pulls back the curtain on a Kafkaesque system, forcing readers to reassess notions of historical agency and moral responsibility in Stalin-era crimes. | ||
| 546 | _aTexto en inglés | ||
| 650 | 7 |
_aPersecuciones políticas _xHistoria _zRusia _921390 |
|
| 650 | 0 |
_aCrímenes políticos _952764 |
|
| 651 | 7 |
_aUnion Sovietica _zHistoria _993356 |
|
| 700 | 1 |
_aBernstein, Seth, _993357 |
|
| 700 | 1 |
_aKhlevni͡uk, O. V. _q(Oleg Vitalʹevich), _993358 |
|
| 765 | _tTerror raĭonnogo masshtaba | ||
| 942 |
_2DEWEY _a5 _cLIBRO _e1 _h363.283 _mV347a |
||
| 999 |
_c310316 _d310316 |
||